| 000 | 00443nam a22001457a 4500 | ||
|---|---|---|---|
| 008 | 140905b xxu||||| |||| 00| 0 eng d | ||
| 020 | _a9781405743167 | ||
| 050 |
_aKD288. _bA64 (2009 Vol.2) |
||
| 245 |
_aThe all England Law Reports(2009 Vol.2)./ _cKaren Widdicombe. |
||
| 260 |
_aLondon: _bLexisnexis, _c2009. |
||
| 300 |
_aXx, 1220p.: _c24cm. |
||
| 440 |
_pThe all England Law Reports _vVol.2 |
||
| 800 | _a Widdicombe Karen | ||
| 942 |
_2lcc _cBK |
||
| 999 |
_c4374 _d11874 |
||